F1 Drivers by Picture (2020s) - Statistics

General Stats
  • This quiz has been taken 168 times
    41 since last reset
  • The average score is 18 of 20
Answer Stats
Picture Answer % Correct
Charles Leclerc
97%
Max Verstappen
97%
George Russell
94%
Lando Norris
94%
Lewis Hamilton
94%
Oscar Piastri
94%
Carlos Sainz Jr.
91%
Daniel Ricciardo
91%
Fernando Alonso
91%
Lance Stroll
91%
Valtteri Bottas
91%
Yuki Tsunoda
91%
Alexander Albon
89%
Isack Hadjar
89%
Liam Lawson
89%
Pierre Gasly
89%
Esteban Ocon
86%
Sergio Perez
83%
Zhou Guanyu
83%
Nicholas Latifi
74%
No matching quizzes found
Score Distribution
Percent of People with Each Score
Percentile by Number Answered
Your Score History
You have not taken this quiz since the last reset